00384 a2200145 4500003000400000005001700004008004100021040000900062082002000071100003200091245005400123250001200177260003900189300001000228OSt20240208124256.0240208b |||||||| |||| 00| 0 eng d coclc a894.8124bNAM/H aNambiar, C. N. Balakrishnan aHrudaya velichangal /cC. N. Balakrishnan Nambiar a1st ed. aKozhikode:bAashayam Books,c2022. a158p.